<?xml version="1.0" encoding="UTF-8"?>
<record
    xmlns:xsi="http://www.w3.org/2001/XMLSchema-instance"
    xsi:schemaLocation="http://www.loc.gov/MARC21/slim http://www.loc.gov/standards/marcxml/schema/MARC21slim.xsd"
    xmlns="http://www.loc.gov/MARC21/slim">

  <leader>03120nam a2200301 a 4500</leader>
  <controlfield tag="003">OSt</controlfield>
  <controlfield tag="005">20251111143811.0</controlfield>
  <controlfield tag="007">cr ||||||a|c|a</controlfield>
  <controlfield tag="008">230511s2019    mx a|||fom||| 001 0 spa d</controlfield>
  <datafield tag="040" ind1=" " ind2=" ">
    <subfield code="e">rda</subfield>
  </datafield>
  <datafield tag="100" ind1="1" ind2=" ">
    <subfield code="9">186952</subfield>
    <subfield code="a">Quirino Nazario, Patricia</subfield>
  </datafield>
  <datafield tag="245" ind1="1" ind2="0">
    <subfield code="a">Ahorro y uso efeciente del agua y electricidad en la industrializaci&#xF3;n del gel de s&#xE1;bila /</subfield>
    <subfield code="c">por Patricia Quirino Nazario; director de tesis Alejandro Santiago S&#xE1;nchez V&#xE9;lez.</subfield>
  </datafield>
  <datafield tag="264" ind1=" " ind2="1">
    <subfield code="a">Chapingo, M&#xE9;xico :</subfield>
    <subfield code="b">El autor,</subfield>
    <subfield code="c">2019.</subfield>
  </datafield>
  <datafield tag="300" ind1=" " ind2=" ">
    <subfield code="a">1 recurso en l&#xED;nea (85 p&#xE1;ginas):</subfield>
    <subfield code="b">cuadros, figuras.</subfield>
  </datafield>
  <datafield tag="336" ind1=" " ind2=" ">
    <subfield code="2">rdacontent</subfield>
    <subfield code="a">texto</subfield>
    <subfield code="b">txt</subfield>
  </datafield>
  <datafield tag="337" ind1=" " ind2=" ">
    <subfield code="2">rdamedia</subfield>
    <subfield code="a">computadora</subfield>
    <subfield code="b">c</subfield>
  </datafield>
  <datafield tag="338" ind1=" " ind2=" ">
    <subfield code="2">rdacarrier</subfield>
    <subfield code="a">recurso en l&#xED;nea</subfield>
    <subfield code="b">cr</subfield>
  </datafield>
  <datafield tag="502" ind1=" " ind2=" ">
    <subfield code="b">IF</subfield>
    <subfield code="c">DICIFO</subfield>
    <subfield code="d">2019.</subfield>
    <subfield code="g">LIC</subfield>
  </datafield>
  <datafield tag="504" ind1=" " ind2=" ">
    <subfield code="a">Incluye referencias bibliogr&#xE1;ficas: p&#xE1;ginas 69-72.</subfield>
  </datafield>
  <datafield tag="520" ind1=" " ind2=" ">
    <subfield code="a">El proyecto de investigaci&#xF3;n fue realizado en la empresa &#x201C;S&#xE1;bila Mixteca&#x201D; Comercializadora Hortalizas y Frutas Matzaco S.C. de R.L de C.V. ubicada en el municipio de Iz&#xFA;car de Matamoros Puebla, la cual produce gel de Aloe vera, actividad que ha cobrado gran importancia, pero que genera problemas ambientales que deben ser estudiados. Se realiz&#xF3; un recorrido por las instalaciones para identificar las etapas del proceso productivo en el cual se utiliza el agua, as&#xED; como de la electricidad. Con el uso de f&#xF3;rmulas b&#xE1;sicas se encontr&#xF3; que para obtener un kilogramo de gel de s&#xE1;bila es necesario emplear 3 litros de agua clorada y 6.2 watts, cantidades que se elevan tomando en cuenta que S&#xE1;bila Mixteca produce 20,073.6 kilogramos de gel de Aloe vera al d&#xED;a, resultando en un gasto de 57,000 litros de agua clorada y 125 kilowatts diarios. En el caso del consumo de la electricidad esta se encuentra dentro de los l&#xED;mites permisibles por la IRE lo que significa que no se excede en el consumo el&#xE9;ctrico, ya que la IRE considera que es una empresa de alto consumo a partir de un gasto de 450 kilowatts. El rendimiento de extracci&#xF3;n de gel de s&#xE1;bila es de 42% lo cual nos indica que el 58% es desperdicio con respecto al peso inicial, este desperdicio es el bagazo de las pencas de Aloe vera que se acumulan en terrenos aleda&#xF1;os formando montones inmensos, lo cual resulta problem&#xE1;tico al limitar el proceso de descomposici&#xF3;n de esta materia org&#xE1;nica; por lo que se plantea que una soluci&#xF3;n a este problema es mediante el uso del bagazo en la elaboraci&#xF3;n de lombricomposta el cual puede ser comercializado en la zona. Como resultados se tiene el aumento de la eficiencia en el uso del agua, por ende, la reducci&#xF3;n en los costos de producci&#xF3;n; de forma complementaria se hacen propuestas para la disposici&#xF3;n segura de los esquilmos resultantes de la extracci&#xF3;n del gel.</subfield>
  </datafield>
  <datafield tag="650" ind1=" " ind2="4">
    <subfield code="9">163063</subfield>
    <subfield code="a">Aloe vera</subfield>
    <subfield code="x">Geles  </subfield>
  </datafield>
  <datafield tag="650" ind1=" " ind2="4">
    <subfield code="9">2401</subfield>
    <subfield code="a">Agua</subfield>
    <subfield code="x">Utilizaci&#xF3;n</subfield>
  </datafield>
  <datafield tag="650" ind1=" " ind2="4">
    <subfield code="9">186960</subfield>
    <subfield code="a">Ahorro de energ&#xED;a el&#xE9;ctrica</subfield>
  </datafield>
  <datafield tag="650" ind1=" " ind2="4">
    <subfield code="9">129207</subfield>
    <subfield code="a">Aloe vera</subfield>
    <subfield code="x">Procesado</subfield>
  </datafield>
  <datafield tag="700" ind1="1" ind2=" ">
    <subfield code="9">107932</subfield>
    <subfield code="a">S&#xE1;nchez V&#xE9;lez, Alejandro S.</subfield>
    <subfield code="e">director.</subfield>
  </datafield>
  <datafield tag="856" ind1=" " ind2=" ">
    <subfield code="u">http://10.13.5.2/tesis/tl/Quirino_Nazario_Patricia.pdf</subfield>
    <subfield code="z">DESCARGAR PDF</subfield>
  </datafield>
  <datafield tag="942" ind1=" " ind2=" ">
    <subfield code="2">Clasificaci&#xF3;n Universidad Aut&#xF3;noma Chapingo</subfield>
    <subfield code="c">TD</subfield>
  </datafield>
  <datafield tag="999" ind1=" " ind2=" ">
    <subfield code="c">218720</subfield>
    <subfield code="d">218720</subfield>
  </datafield>
  <datafield tag="952" ind1=" " ind2=" ">
    <subfield code="0">0</subfield>
    <subfield code="1">0</subfield>
    <subfield code="2">local</subfield>
    <subfield code="4">0</subfield>
    <subfield code="5">1</subfield>
    <subfield code="7">0</subfield>
    <subfield code="8">TesDigL</subfield>
    <subfield code="a">BD</subfield>
    <subfield code="b">BD</subfield>
    <subfield code="c">E_L</subfield>
    <subfield code="d">2023-05-11</subfield>
    <subfield code="l">0</subfield>
    <subfield code="o">Tesis digital</subfield>
    <subfield code="r">2023-05-11 00:00:00</subfield>
    <subfield code="w">2023-05-11</subfield>
    <subfield code="y">TD</subfield>
  </datafield>
</record>
